Materská škola Montessori v Dunajskej Lužnej

Enregistré dans:
Détails bibliographiques
Auteur principal: Krištofíková, Alžbeta (Auteur)
Autres auteurs: Naddourová, Nora (Directeur de thèse)
Format: Manuscrit Livre
Langue:slovaque
Publié: 2025
Sujets:
Accès en ligne:http://is.stuba.sk/zp/portal_zp.pl?podrobnosti=168525
CRZP
Tags: Ajouter un tag
Pas de tags, Soyez le premier à ajouter un tag!

MARC

LEADER 00000ntm a22000003a 4500
001 stuzp104478
003 SK-STU
005 20250728105845.9
007 ta
008 150427s2015----xo-----f-mn---000-0-slo-d
040 |a STU  |b slo 
041 0 |a slo 
100 1 |a Krištofíková, Alžbeta  |u 010310  |4 aut  |U SvF Stavebná fakulta  |T SvF Katedra architektúry  |X 115838  |U V181|V310  |Y 19  |7 115838 
242 0 1 |a Montessori Kindergarten in Dunajská Lužná  |y eng 
245 1 0 |a Materská škola Montessori v Dunajskej Lužnej 
260 |c 2025 
650 4 |a dôraz na samostatnosť  |2 slo 
650 4 |a jednoduché ergonomické priestory  |2 slo 
650 4 |a prírodné materiály  |2 slo 
650 4 |a , rozvoj dieťaťa  |2 slo 
650 4 |a Montessori pedagogika  |2 slo 
650 4 |a emphasis on independence  |2 eng 
650 4 |a Montessori pedagogy  |2 eng 
650 4 |a simple ergonomic spaces  |2 eng 
650 4 |a natural materials  |2 eng 
650 4 |a child development  |2 eng 
700 1 |a Naddourová, Nora  |u 010310  |k Z1  |4 ths  |U SvF Stavebná fakulta  |T SvF Katedra architektúry  |X 56690  |U V181|V310  |Y 19  |7 56690 
856 4 |u http://is.stuba.sk/zp/portal_zp.pl?podrobnosti=168525 
856 4 |u https://opac.crzp.sk/?fn=detailBiblioForm&sid=C9A1C75A261DD259FC86401E26A3  |z CRZP